000 00471nam a2200193 i 4500
001 bg
100 1 _aZając, Kazimierz.
245 1 0 _aZarys metod statystycznych /
_cK. Zając.
250 _aWyd. 3 popr. i uzup.
260 _aWarszawa,
_c1982.
650 4 _aStatystyka gospodarcza
650 4 _aPodręczniki akademickie
040 _cBPK
041 _apol
080 _a311.3:33
080 _a(075.8)
942 _cKS
008 s pl f |000 0 pol
999 _c1796
_d1796
856 _uhttp://koha.tu.koszalin.pl/cgi-bin/koha/opac-detail.pl?biblionumber=1796
_yKatalog online BPK